00799nam a2200157 a 450000100100000000500170001000800410002704000250006808200150009311001200010824501300022826001320035830000210049095201130051199900170062400003798420201002031139.0130311s19uu dr 000 0 spa d aDO-SdBNPbspacBNPHU axxxxbxxxx1 aRepública DominicanabSecretaría de Estado de Tesoro y Credito PúblicobDirección General de Aduanas96439410aCompilación de las decisiones de aforos arancelarios y la ley 854. /cSecretaría de Estado de Tesoro y Credito Público. aCiudad Trujillo, República Dominicana. :bSecretaría de Estado de Tesoro y Credito PúblicofImprenta Arte y Cinec[19uu]. a251 p. ;c23 cm. 0010718PDaPDbPDcCTd2013-03-11iLF1l0oxxxx xxxxp37984-10r2020-06-25w2020-06-25yLFPDZNo se presta c37474d37474